| 000 | 04194nam a2200301Ia 4500 | ||
|---|---|---|---|
| 003 | OSt | ||
| 005 | 20210802120817.0 | ||
| 008 | 210310s1997 ck ad fr 100 0dspa d | ||
| 020 | _a9586017133 | ||
| 040 |
_aCO-JMCR _cCO-JMCR |
||
| 041 | 0 | _aspa | |
| 082 | 0 | 4 |
_a332.4108 / _bS471i _223 |
| 111 | 2 |
_aSeminario Internacional de Economía _n(8o. : _d1995 : _cBogotá) _938970 |
|
| 245 | 1 | 0 |
_aInflación, estabilización y política cambiaria en América Latina : _blecciones de los años noventa / _cSebastián Edwards, Mauricio Cárdenas [coordinadores] |
| 250 | _aPrimera edición | ||
| 260 |
_aBogotá : _bTM Editores : _bFedesarrollo, _c1997 |
||
| 300 |
_axix, 281 páginas : _bilustraciones, gráficas a blanco y negro ; _c23 cm. |
||
| 500 | _aIncluye notas y datos biográficos de lo autores. | ||
| 504 | _aBibliografía al fina de cada capítulo. | ||
| 505 | 0 |
_tLos peligros de los consensos en el diseño de la política económica / _rGuillermo Perry _tAcuerdos de libre comercio versus uniones aduaneras / _rAnne O. Krueger _tTipo de cambio y credibilidad / _rChris Canavan y Mariano Tommasi _tLa vulnerabilidad de las tasas de cambio fijas / _rAndrés Velasco _tEstabilización basada en el tipo de cambio con respuesta fiscal endógena / _rErnesto Talvi _tLa efectividad de los controles de capitales: la experiencia de Colombia durante los años noventa / _rMauricio Cárdenas y Felipe Barrera _tTamaño y duración de las devaluaciones en economías con controles de capital / _rNancy Marion y Robert Flood _tInversión, transmisión y tasas de cambio: una comparación entre países / _rLinda S. Goldberg y José Campa _tEstabilización, volatilidad y equilibrio de la tasa de cambio real / _rGustavo M. Gonzaga y María Cristina T. Terra _t¿Error de coordinación o restricciones de presupuesto? Apuntes sobre la inflación bajo un régimen de independencia del Banco Central / _rAlberto Carrasquilla _tMercados financieros e inflación bajo información imperfecta / _rJosé De Gregorio y Federico Sturzenegger |
|
| 520 | 3 | _aEste libro contiene los trabajos presentados en el Octavo Seminario Interamericano de Economía (IASE), el cual fue realizado en Santafé de Bogotá, Colombia, en noviembre de 1995. IASE es una conferencia anual organizada por el National Bureau of Economic Research (NBER) en unión de alguna institución de análisis económico en Latinoamérica. En su octava edición el turno le correspondió a la Fundación para la Educación Superior y el Desarrollo (FEDESARROLLO), entidad que se ha consolidado como el principal centro de análisis económico independiente en Colombia y uno de los más destacados en la región. Este seminario, además, hizo parte de las celebraciones con ocasión de los 25 años de existencia de la Fundación. El propósito del Seminario Interamericano de Economía es el crear un ambiente propicio para que economistas del norte, centro y sur del continente americano discutan diferentes aspectos relacionados con el proceso de desarrollo. El tema específico tratado en la reunión de Bogotá estuvo claramente influenciado por la crisis cambiaria que tuvo lugar en México en diciembre de 1994 y que afectó a otras economías de la región. Durante 1995 buena parte del debate macroeconómico en América Latina giró en torno a la escogencia de un régimen cambiario óptimo. Por ello, los trabajos presentados estudiaron -desde diversos ángulos- aspectos relacionados con el manejo de la política cambiaria, en especial el sistema de tasa de cambio y las ventajas y desventajas de los controles de capital. Además, dado que varios países de la región han cimentado sus políticas de estabilización en sistemas de tasa de cambio fija, algunos trabajos abordaron la problemática de la inflación y la estabilidad macroeconómicas. | |
| 650 | 1 | 4 |
_aInflación _916664 _vCongresos, conferencias, etc _zAmérica Latina |
| 650 | 2 | 4 |
_aDeuda externa _xCongresos, conferencias, etc _zAmérica Latina _938971 |
| 650 | 2 | 4 |
_aLibre comercio _xCongresos, conferencias, etc _zAmérica Latina _938972 |
| 700 | 1 |
_aCárdenas, Mauricio, _ecoordinador _916662 |
|
| 700 | 1 |
_aEdwards, Sebastián, _ecoordinador _97671 |
|
| 942 |
_2ddc _cBK |
||
| 999 |
_c8219 _d8219 |
||